000 01738cas a22004697a 4500
001 15011365
005 20071121161515.0
006 m
007 c
008 050614c19929999ii fr pss 0 a0eng d
010 _a 2007214813
022 _a0971-3557
_y1940-0292
_21
035 _a(OCoLC)ocm60626809
040 _aOCLCS
_cOCLCS
_dHUA
_dNSD
042 _ansdp
043 _aa-ii---
050 _aHB615
_b.J7
082 _a658.421095405
_220
082 _a338.04
_bJ86
130 _aJournal of entrepreneurship (Online)
_943081
222 _aJournal of entrepreneurship
245 _aThe Journal of entrepreneurship
260 _aNew Delhi ;
_bSage Publications
300 _av.
_c24 cm
310 _aSemiannual
362 _aPrint began with v. 1, no. 1 (Jan.-June 1992).
500 _aDescription based on print version record.
500 _aLatest issue consulted: Vol. 16, no. 1 (Mar. 2007); viewed publisher's website Sept. 18, 2007.
530 _aAlso issued in print.
538 _aMode of access: World Wide Web.
650 _aEntrepreneurship
_vPeriodicals.
_943082
650 _aManagement
_vPeriodicals.
_943083
650 _aBusiness enterprises
_zIndia
_vPeriodicals.
_943084
650 _aManagement
_zIndia
_vPeriodicals.
_943085
650 _aEntrepreneurship
_zIndia
_vPeriodicals.
_943086
776 _tJournal of entrepreneurship
_x0971-3557
_w(DLC) 92911275
_w(OCoLC)27964884
856 _uhttp://joe.sagpub.com
906 _a7
_bibc
_cserials
_du
_encip
_f20
_gn-oclcserc
942 _2ddc
_cSR
_h338.04
_mJOU
_s1
999 _c27669
_d27669